Par continent, les pays ayant obtenu le plus de médailles aux Jeux... - Statistiques

Statistiques générales
  • Ce quiz a été pris 34 fois
  • Le résultat moyen est 42 sur 66
Statistiques - réponses
Continent J.O. J. Mondiaux J. Continentaux & Régionaux J. Langue commune Total Pays % Correct
Amérique 1 3107 2001 8738 2 13848 Etats-Unis
97%
Europe 5 955 785 144 0 1884 Allemagne
91%
Amérique 7 170 263 3791 139 4363 Brésil
91%
Europe 2 953 1002 8078 514 10547 France
91%
Afrique 2 20 58 2570 0 2648 Algérie
88%
Amérique 8 80 29 3803 0 3912 Argentine
88%
Europe 4 192 285 1673 0 2150 Espagne
88%
Europe 3 799 1424 2570 0 4793 Italie
88%
Afrique 7 26 44 1376 249 1695 Maroc
88%
Asie/Europe 1 672 2227 525 0 3424 Russie
88%
Afrique 5 95 158 1160 416 1829 Afrique-du-Sud
85%
Amérique 6 578 489 2252 2084 5403 Canada
85%
Asie 2 817 1665 5080 81 7032 Chine
85%
Asie 3 618 1760 4072 0 6450 Japon
85%
Europe 1 1017 552 7024 3386 11979 Royaume-Uni
85%
Afrique 3 18 9 2052 88 2167 Tunisie
85%
Océanie 1 619 333 228 2608 3788 Australie
82%
Asie 7 399 1165 3050 0 4614 Corée-du-Sud
82%
Amérique 5 77 196 5520 0 5793 Mexique
82%
Océanie 4 163 72 259 707 1201 Nouvelle-Zélande
82%
Asie/Europe 2 111 197 1052 0 1360 Turquie
79%
Afrique 1 41 70 4081 0 4192 Egypte
76%
Asie 9 41 50 3156 666 3913 Inde
76%
Afrique 9 124 24 479 258 885 Kenya
76%
Amérique 11 15 19 2382 0 2416 Chili
73%
Asie 4 40 48 6318 0 6406 Indonésie
73%
Amérique 3 38 133 8385 0 8556 Colombie
70%
Océanie 2 4 3 1496 23 1528 Fidji
67%
Europe 9 480 181 594 0 1255 Finlande
67%
Afrique 6 27 35 1447 271 1780 Nigeria
67%
Amérique 9 5 11 3348 0 3364 Pérou
67%
Amérique 2 19 33 9468 0 9520 Venezuela
67%
Asie 1 41 169 7428 0 7638 Thaïlande
64%
Europe 11 160 893 138 0 1191 Ukraine
64%
Amérique 4 244 217 5952 0 6413 Cuba
61%
Europe 10 215 60 957 0 1232 Danemark
61%
Europe 12 129 31 991 0 1151 Grèce
61%
Amérique 10 10 9 3254 0 3273 Equateur
58%
Afrique 12 62 2 196 0 260 Ethiopie
58%
Asie 6 18 31 4656 0 4705 Philippines
58%
Océanie 7 1 0 702 29 732 Samoa
58%
Océanie 10 1 0 248 3 252 Tonga
58%
Océanie 9 0 0 369 0 369 Iles {Marshall}
55%
Océanie 11 0 0 241 1 242 Iles {Salomon}
55%
Asie/Europe 3 86 241 805 0 1132 Kazakhstan
55%
Océanie 8 0 0 347 31 378 Nauru
55%
Asie/Europe 5 47 22 52 0 121 Géorgie
52%
Europe 7 4 0 1461 0 1465 Islande
48%
Asie 5 15 46 4955 238 5254 Malaisie
48%
Océanie 12 0 0 211 3 214 Vanuatu
48%
Asie/Europe 6 22 40 23 23 108 Arménie
45%
Océanie 6 0 0 913 0 913 Micronésie
45%
Asie 10 5 27 3802 9 3843 Vietnam
45%
Asie/Europe 4 56 18 157 0 231 Azerbaïdjan
42%
Océanie 5 0 0 1075 0 1075 Palaos
42%
Océanie 3 0 0 1457 15 1472 Papouasie-Nouvelle-Guinée
42%
Asie 8 6 11 3864 109 3990 Singapour
42%
Asie 12 2 0 1403 65 1470 Sri Lanka
42%
Afrique 11 5 3 254 63 325 Ghana
39%
Afrique 8 0 5 1437 68 1510 Madagascar
39%
Amérique 12 15 12 1510 0 1537 République dominicaine
39%
Asie 11 0 0 2575 0 2575 Birmanie
36%
Europe 6 2 18 1442 64 1524 Chypre
30%
Afrique 10 0 0 811 19 830 Seychelles
30%
Afrique 4 1 0 1782 77 1860 Maurice
27%
Europe 8 5 10 1234 18 1267 Luxembourg
15%
Aucun quiz correspondant
Distribution des résultats
% des personnes avec chaque résultat
Percentile par nombre de réponses
Votre historique - résultats
Vous n’avez pas pris ce quiz